Statistics for Top 15 Countries with Covid-19 Cases - 17 November

Click here to take the quiz!

General Stats

  • This quiz has been taken 36 times
  • The average score is 15 of 25

Answer Stats

country% Correct
United States
100%
India
97%
Brazil
94%
France
91%
United Kingdom
91%
Italy
89%
Germany
83%
Argentina
80%
Mexico
77%
Russia
77%
Spain
77%
Colombia
57%
Peru
57%
Chile
54%
Iran
54%
Belgium
51%
South Africa
51%
Israel
34%
Switzerland
31%
Czechia
26%
Panama
20%
Qatar
20%
Armenia
17%
Bahrain
17%
Kuwait
14%

Score Distribution

Percentile by Number Answered

Percent of People with Each Score

Your Score History

You have not taken this quiz